Engedjétek hozzám a gyerekeket!

Bibliographic Details
Main Author: Juhász, Attila (Author)
Format: Article
Language:Hungarian
PhysicalDescription:Fotogr.
ISSN:1335-6534
Subjects:

MARC

LEADER 00000nab a2200000 ar4500
001 vtls010121586
003 SK-MaSNL
005 20260319070731.0
008 100809c2010 xo |||||||| 000 b|hun
015 |a SNBRB2010/08  |2 snkbucl 
038 |a SNKBUCL 
040 |a DSZK  |b slo  |c DSZK  |e AACR2 
041 0 |a hun 
044 |a xo  |c SK 
080 |a 253-053.2  |2 2001 
100 1 |a Juhász, Attila  |4 aut  |9 337555 
245 1 0 |a Engedjétek hozzám a gyerekeket!  |c Juhász Attila 
300 |b Fotogr. 
650 0 7 |a pastorizácia  |2 SNKPH  |9 541277 
650 0 7 |a mládež  |2 SNKPH  |9 1575 
773 0 |t Remény  |g Évf. XXI, sz. 32 (2010), o. 2  |x 1335-6534 
852 |a SNK  |b KIS3GCP 
852 |a DSZK  |b KIS3GCP 
958 |a HU 
958 |a SK 
958 |a NT 
999 |c 1785021  |d 1786951